000 00608nam a22002177a 4500
003 UA-OsUOA
001 136602
007 ta
008 20190402b un ||||| |||| 00| 0 ukr d
100 _aСмирнов С.
090 _a882
_bС50
942 _cBK
040 _aUA-OsUOA
_cUA-OsUOA
_dUA-OsUOA
245 _aПовісті про невідомих героїв
300 _a187 с.
955 _a3
080 _a882
260 _aК.
_bДніпро
_c1972
650 7 _a8 Мовознавство. Художня література. Літературознавство
_2UDC
999 _c409927
_d409927